[Event "Plateliai Plunge op-A 42nd"]
[Site "Plateliai"]
[Date "2023.07.18"]
[Round "2"]
[White "Stremavicius, Pijus"]
[Black "Sarauskas, Andrius"]
[Result "1-0"]
[WhiteElo "2401"]
[BlackElo "1998"]
[PlyCount "103"]
[EventDate "2023.07.17"]
[EventType "swiss"]
[EventRounds "9"]
[EventCountry "LTU"]
[SourceTitle "CBM 215 Extra"]
[Source "ChessBase"]
[SourceDate "2023.09.30"]
[SourceVersion "1"]
[SourceVersionDate "2023.09.30"]
[SourceQuality "1"]

1. e4 c6 2. Nc3 d5 3. Nf3 Bg4 4. h3 Bxf3 5. Qxf3 e6 6. Be2 Nf6 7. 0-0 Nbd7 8. d4 Nxe4 9. Nxe4 dxe4 10. Qxe4 Nf6 11. Qd3 Qc7 12. a4 Be7 13. a5 a6 14. c3 0-0 15. Bf3 h6 16. g3 Bd6 17. Bg2 Rfe8 18. Re1 Rad8 19. Qf3 Nh7 20. Be3 Qe7 21. h4 Nf6 22. Re2 Rd7 23. Bd2 Bc7 24. Bh3 Rd5 25. b4 Qd8 26. Be3 Rb5 27. Rae1 Qd5 28. Bg2 Qb3 29. Bd2 Qc4 30. g4 h5 31. g5 Rf5 32. Qh3 Nd5 33. Re4 g6 34. Bf1 Qa2 35. Qd3 Nf4 36. Bxf4 Rxf4 37. Rxf4 Bxf4 38. Re4 Bd6 39. Bh3 Qb3 40. Re3 Re7 41. Bg2 Qb2 42. Be4 Bf4 43. Re2 Qc1+ 44. Kg2 Kg7 45. Qf3 Bd6 46. Qf6+ Kh7 47. Re3 Rd7 48. Rf3 Re7 49. Bxg6+ fxg6 50. Qf8 Qc2 51. Qh6+ Kg8 52. Rf8# 1-0

[Event "LTU-ch sf"]
[Site "Vilnius"]
[Date "2023.04.15"]
[Round "8"]
[White "Sarauskas, Andrius"]
[Black "Nainys, Zanas1111"]
[Result "1-0"]
[WhiteElo "2003"]
[BlackElo "1711"]
[PlyCount "89"]
[EventDate "2023.04.11"]
[EventType "swiss"]
[EventRounds "9"]
[EventCountry "LTU"]
[SourceTitle "CBM 213 Extra"]
[Source "ChessBase"]
[SourceDate "2023.05.31"]
[SourceVersion "1"]
[SourceVersionDate "2023.05.31"]
[SourceQuality "1"]

1. Nf3 c5 2. g3 Nc6 3. Bg2 g6 4. d3 Bg7 5. 0-0 d6 6. c4 e5 7. Nc3 Nge7 8. a3 0-0 9. Rb1 a5 10. Ne1 Be6 11. Bg5 f6 12. Bd2 Qd7 13. Nd5 Bxd5 14. cxd5 Nd4 15. a4 b5 16. e3 Ndf5 17. axb5 Qxb5 18. Qg4 Nc8 19. Nc2 Nb6 20. Be4 Nh6 21. Qe2 f5 22. Bf3 c4 23. Na3 Qb3 24. dxc4 Rfc8 25. Rfc1 e4 26. Qd1 Qa2 27. Be2 Bxb2 28. Bc3 Bxc3 29. Rxc3 Na4 30. Rcb3 Nc5 31. R1b2 a4 32. Rxa2 axb3 33. Ra1 b2 34. Ra2 Rxa3 35. Rxa3 Rb8 36. Qb1 Rb4 37. Ra2 Na4 38. Rxa4 Rxa4 39. Qxb2 Nf7 40. Kg2 Ra5 41. Bd1 Rc5 42. Qb4 Kg7 43. Ba4 Rc8 44. Bd7 Ra8 45. Be6 1-0

[Event "Wch FIDE Online U18 Europe qual"]
[Site "Tornelo INT"]
[Date "2020.12.08"]
[Round "4"]
[White "Sarauskas, Andrius"]
[Black "Juhasz, Agoston Botond"]
[Result "0-1"]
[WhiteElo "1893"]
[BlackElo "1816"]
[PlyCount "68"]
[EventDate "2020.12.07"]
[EventType "swiss (rapid)"]
[EventRounds "7"]
[EventCountry "ISS"]
[SourceTitle "EXT 2022"]
[Source "ChessBase"]
[SourceDate "2021.10.06"]
[SourceVersion "1"]
[SourceVersionDate "2021.10.06"]
[SourceQuality "1"]

1. Nf3 f5 2. g3 Nf6 3. Bg2 d6 4. c4 e5 5. d3 Be7 6. Nc3 0-0 7. 0-0 c6 8. c5 h6 9. cxd6 Bxd6 10. e4 Kh8 11. Nh4 Kh7 12. exf5 Na6 13. Ne4 Be7 14. Ng6 Re8 15. g4 Nc5 16. Be3 Nxd3 17. Nxe7 Rxe7 18. g5 hxg5 19. Bxg5 Rf7 20. Nxf6+ gxf6 21. Be4 fxg5 22. f6+ Kg8 23. Bxd3 Rxf6 24. Kh1 Qe7 25. Rg1 Rh6 26. Qd2 Rh5 27. Bg6 Rh6 28. Rxg5 Kh8 29. Bc2 Be6 30. Rag1 Bd5+ 31. R5g2 Qf6 32. f3 Bxf3 33. Bd1 Rxh2+ 34. Kxh2 Qh4# 0-1

[Event "LTU-ch Amateurs"]
[Site "Kaunas"]
[Date "2020.08.27"]
[Round "1"]
[White "Alekseviciute, Ieva Nida"]
[Black "Sarauskas, Andrius"]
[Result "0-1"]
[WhiteElo "1111"]
[BlackElo "1919"]
[PlyCount "58"]
[EventDate "2020.08.27"]
[EventType "swiss"]
[EventRounds "7"]
[EventCountry "LTU"]
[SourceTitle "EXT 2022"]
[Source "ChessBase"]
[SourceDate "2021.10.06"]
[SourceVersion "1"]
[SourceVersionDate "2021.10.06"]
[SourceQuality "1"]

1. e4 c6 2. d4 d5 3. exd5 cxd5 4. Bd3 Nc6 5. c3 Qc7 6. Ne2 Bg4 7. f3 Bd7 8. Nd2 e5 9. Nb3 Bd6 10. Be3 Nge7 11. Qd2 0-0 12. 0-0-0 Rfd8 13. Bg5 Rac8 14. Qc2 h6 15. Be3 b5 16. g4 b4 17. Qd2 bxc3 18. Nxc3 Rb8 19. Kb1 exd4 20. Nxd4 Nxd4 21. Bxd4 Bf4 22. Be3 Be5 23. Rc1 d4 24. Ne4 dxe3 25. Rxc7 exd2 26. Rc2 Bb5 27. Rxd2 Bxd3+ 28. Ka1 Bxe4 29. Rxd8+ Rxd8 0-1

[Event "Plunge op 40th"]
[Site "Plateliai"]
[Date "2020.07.14"]
[Round "3"]
[White "Sarauskas, Andrius"]
[Black "Salna, Aleksandras"]
[Result "1-0"]
[WhiteElo "1900"]
[BlackElo "2055"]
[PlyCount "75"]
[EventDate "2020.07.13"]
[EventType "swiss"]
[EventRounds "9"]
[EventCountry "LTU"]
[SourceTitle "CBM 197 Extra"]
[Source "ChessBase"]
[SourceDate "2020.09.30"]
[SourceVersion "1"]
[SourceVersionDate "2020.09.30"]
[SourceQuality "1"]

1. c4 c6 2. Nf3 d5 3. g3 Nf6 4. Bg2 Bf5 5. b3 e6 6. 0-0 Be7 7. Bb2 0-0 8. d3 h6 9. Nbd2 a5 10. a3 Nbd7 11. Ra2 Re8 12. Qa1 Bf8 13. h3 Bh7 14. Rc1 b5 15. cxb5 cxb5 16. a4 bxa4 17. bxa4 Nb8 18. Nd4 Nfd7 19. N2b3 Na6 20. Nc6 Qb6 21. Bd4 Nac5 22. Nxc5 Bxc5 23. Rac2 Qxc6 24. Bxc5 Nxc5 25. Rxc5 Qd7 26. Qd4 Reb8 27. Rc7 Qd6 28. e4 Qb4 29. Qe5 dxe4 30. Rxf7 Kxf7 31. Rc7+ Qe7 32. Rxe7+ Kxe7 33. Qxg7+ Kd6 34. Qxh7 e3 35. fxe3 Rb1+ 36. Kh2 Rf8 37. d4 Rb2 38. e4 1-0

[Event "Plunge op-A 39th"]
[Site "Plateliai"]
[Date "2019.07.17"]
[Round "4"]
[White "Sakalauskas, Vaidas"]
[Black "Sarauskas, Andrius"]
[Result "1/2-1/2"]
[WhiteElo "2329"]
[BlackElo "1783"]
[PlyCount "48"]
[EventDate "2019.07.15"]
[EventType "swiss"]
[EventRounds "9"]
[EventCountry "LTU"]
[SourceTitle "CBM 191 Extra"]
[Source "ChessBase"]
[SourceDate "2019.09.30"]
[SourceVersion "1"]
[SourceVersionDate "2019.09.30"]
[SourceQuality "1"]

1. d4 Nf6 2. c4 g6 3. Nc3 Bg7 4. e4 d6 5. Be2 0-0 6. Bg5 Na6 7. Qd2 e5 8. d5 c6 9. Bf3 cxd5 10. cxd5 h6 11. Bxh6 b5 12. Bxg7 Kxg7 13. a3 Nc5 14. Qe3 Nb3 15. Rd1 Rb8 16. Nge2 b4 17. axb4 Rxb4 18. Na2 Rb6 19. 0-0 Ba6 20. Rfe1 Nd7 21. Nec3 Nd4 22. Rd2 Nb3 23. Rdd1 Nd4 24. Rd2 Nb3 1/2-1/2

[Event "Plunge op-A 39th"]
[Site "Plateliai"]
[Date "2019.07.16"]
[Round "2"]
[White "Baumilas, Silvestras"]
[Black "Sarauskas, Andrius"]
[Result "0-1"]
[WhiteElo "1495"]
[BlackElo "1783"]
[PlyCount "42"]
[EventDate "2019.07.15"]
[EventType "swiss"]
[EventRounds "9"]
[EventCountry "LTU"]
[SourceTitle "CBM 191 Extra"]
[Source "ChessBase"]
[SourceDate "2019.09.30"]
[SourceVersion "1"]
[SourceVersionDate "2019.09.30"]
[SourceQuality "1"]

1. Nf3 Nf6 2. c4 g6 3. Nc3 Bg7 4. d4 0-0 5. g3 d6 6. Bg2 Nbd7 7. 0-0 a6 8. Qc2 e5 9. Bg5 h6 10. dxe5 dxe5 11. Be3 c6 12. h3 Qe7 13. a3 Ne8 14. b4 Nd6 15. Nd2 Nf5 16. Rad1 Nxe3 17. fxe3 f5 18. Nf3 e4 19. Nd4 Qg5 20. Rf4 Qxg3 21. Qd2 Ne5 0-1

[Event "LTU-ch"]
[Site "Vilnius"]
[Date "2019.03.17"]
[Round "4"]
[White "Indriunas, Matas"]
[Black "Sarauskas, Andrius"]
[Result "1/2-1/2"]
[WhiteElo "1908"]
[BlackElo "1703"]
[PlyCount "52"]
[EventDate "2019.03.15"]
[EventType "swiss"]
[EventRounds "9"]
[EventCountry "LTU"]
[SourceTitle "EXT 2020"]
[Source "ChessBase"]
[SourceDate "2019.10.17"]
[SourceVersion "1"]
[SourceVersionDate "2019.10.17"]
[SourceQuality "1"]

1. e4 c6 2. d4 d5 3. Nd2 dxe4 4. Nxe4 Bf5 5. Ng3 Bg6 6. Nf3 Nd7 7. h4 h6 8. h5 Bh7 9. Bd3 Bxd3 10. Qxd3 e6 11. Bf4 Bb4+ 12. c3 Be7 13. 0-0-0 Ngf6 14. Kb1 0-0 15. Ne4 Qa5 16. Nxf6+ Nxf6 17. Ne5 c5 18. g4 cxd4 19. cxd4 Nd5 20. Bd2 Bb4 21. Bc1 Rac8 22. Qb3 Rc7 23. g5 Nc3+ 24. bxc3 Rxc3 25. Qb2 Ba3 26. Qe2 Rxc1+ 1/2-1/2

[Event "LTU-chT"]
[Site "Lithuania"]
[Date "2019.01.26"]
[Round "1.9"]
[White "Sarauskas, Andrius"]
[Black "Vizinis, Jonas"]
[Result "1/2-1/2"]
[WhiteElo "1747"]
[BlackElo "1263"]
[PlyCount "128"]
[EventDate "2019.01.26"]
[EventType "team-swiss"]
[EventRounds "7"]
[EventCountry "LTU"]
[SourceTitle "CBM 188 Extra"]
[Source "ChessBase"]
[SourceDate "2019.02.26"]
[SourceVersion "1"]
[SourceVersionDate "2019.02.26"]
[SourceQuality "1"]
[WhiteTeam "Siauliai Drakonas"]
[BlackTeam "Kaunas Ezerelio II"]
[WhiteTeamCountry "LTU"]
[BlackTeamCountry "LTU"]

1. Nf3 d5 2. g3 Nf6 3. Bg2 Bf5 4. 0-0 e6 5. d3 Bd6 6. Nbd2 0-0 7. Qe1 e5 8. e4 dxe4 9. dxe4 Bd7 10. Qe2 Qe8 11. Nc4 Bc6 12. Nh4 Nbd7 13. Bg5 Qe6 14. Na5 Bb4 15. Nxc6 Qxc6 16. Nf5 Rfe8 17. Rad1 Bf8 18. Ne3 h6 19. Bxf6 Nxf6 20. Nd5 Nxd5 21. Rxd5 Rad8 22. Rfd1 Qf6 23. Qe3 b6 24. c4 Bc5 25. Qe2 Rd6 26. Bh3 Red8 27. Kg2 c6 28. Rxd6 Rxd6 29. Rxd6 Bxd6 30. Qd2 Bc5 31. f3 Qd6 32. Qxd6 Bxd6 33. Bd7 c5 34. Kf2 Kf8 35. Ke3 Ke7 36. Bc6 Bc7 37. f4 Bd6 38. h3 Bc7 39. Bd5 Bd6 40. Kf3 g6 41. Kg4 Kf6 42. f5 g5 43. Kh5 Bf8 44. h4 Bg7 45. Kg4 Bf8 46. Kf3 Bg7 47. hxg5+ hxg5 48. Ke3 Bf8 49. Kd3 Bd6 50. Kc3 Ke7 51. Kb3 f6 52. Ka4 Kd7 53. Kb5 Kc7 54. Ka6 Kb8 55. a4 Be7 56. a5 Bd8 57. Kb5 Kc7 58. Be6 Kb7 59. Bd5+ Kc7 60. b3 Be7 61. Ka6 bxa5 62. Kxa7 Bd8 63. Ka6 Kd6 64. Kb7 Bc7 1/2-1/2